Państwa, z których pochodzili piłkarze w Ekstraklasie - Statystyki

Ogólne statystyki
  • Ten quiz został rozwiązany 79 razy
  • Średni wynik to 70 z 103
Statystyki odpowiedzi
Hint Odpowiedź % Poprawnych
Anglia
92%
Albania
90%
Armenia
90%
Portugalia
90%
B Belgia
89%
Brazylia
89%
Argentyna
87%
Czechy
85%
Francja
85%
Rosja
85%
Chiny
84%
F Finlandia
84%
Litwa
84%
Ł Łotwa
84%
Szwecja
84%
Austria
82%
Białoruś
82%
D Dania
82%
Hiszpania
82%
Norwegia
82%
Estonia
80%
Grecja
80%
J Japonia
80%
Słowenia
80%
Włochy
80%
Azerbejdżan
79%
Bułgaria
79%
Gruzja
79%
Holandia
79%
Kanada
79%
Słowacja
79%
U Ukraina
79%
Irlandia
77%
Turcja
77%
Chorwacja
75%
Rumunia
75%
Serbia
75%
Stany Zjednoczone
75%
Szwajcaria
75%
Australia
74%
Bośnia i Hercegowina
74%
Czarnogóra
74%
E Egipt
74%
Iran
74%
Meksyk
74%
N Niemcy
74%
Peru
74%
Z Zambia
74%
C Chile
72%
Korea Południowa
72%
Urugwaj
72%
Węgry
72%
Demokratyczna Republika Konga
70%
Mołdawia
70%
R Republika Południowej Afryki
70%
Algieria
69%
Islandia
69%
Tunezja
69%
Cypr
67%
Ekwador
67%
I Indonezja
67%
Izrael
67%
Kosowo
67%
Paragwaj
67%
Uzbekistan
67%
Wybrzeże Kości Słoniowej
67%
Zimbabwe
67%
K Kamerun
66%
Kazachstan
66%
Kostaryka
66%
Maroko
66%
A Afganistan
64%
Kolumbia
64%
M Macedonia Północna
64%
Szkocja
64%
W Wenezuela
64%
Luksemburg
62%
Nowa Zelandia
62%
Angola
61%
G Gabon
61%
Ghana
61%
Gwinea
61%
Niger
61%
Nigeria
61%
Honduras
59%
H Haiti
57%
Panama
57%
Gambia
56%
S Senegal
56%
Mali
54%
Kirgistan
51%
Gwatemala
48%
Gwinea Bissau
46%
T Togo
44%
Burkina Faso
43%
L Liberia
41%
Republika Zielonego Przylądka
38%
Mauritius
25%
P Palestyna
23%
Portoryko
23%
Curacao
11%
Martynika
8%
Gwadelupa
2%
Nie znaleziono quizów pasujących do podanych kryteriów
Rozkład punktacji
Procent ludzi z każdym wynikiem
Percentyl według liczby udzielonych odpowiedzi
Twoja historia wyników
Nie rozwiązałeś tego quizu